Statistics for Australia’s Geography Countries Quiz

Click here to take the quiz!

General Stats

  • This quiz has been taken 19 times
    (13 since last reset)
  • The average score is 16 of 25

Answer Stats

QuestionAnswer% Correct
Where Does Most Of The People Live In AustraliaCoast
100%
Australia’s Offical LanguageEnglish
100%
Who Is The Prime Minister Of AustraliaScott Morrison
100%
How Many People Live In Australia25 Million
92%
What Name Is Australia National AnthemAustralian Fair
92%
Australia’s CapitalCanberra
92%
Where Is Australia LocatedOceania
92%
Does Australia Have SnowYes
85%
Is Australia The 6th Largest CountryYes
85%
How Much Years Can You Live In Australia81 yrs
77%
What’s the Most Popular Beach In AustraliaBondi
77%
Does Australia Have Pink Lakes Like SenegalDefinitely
77%
How Many States Does Australia Have6
69%
Was Australia Part Uk BeforeYes
69%
Is Australia One Of The Most Driest CountriesYes
69%
How many national parks does Australia have685
54%
Is Australia DangerousFalse
54%
Does Australia Have The Largest Eco SystemYes
38%
How Many Internal Territories Does Australia Have3
31%
How Many Overseas Territories Does Australia Have7
31%
How Many Wine Regions Does Australia Have60
23%
Does Australia Have No Air PollutionYes
23%
How Many Islands Does Australia Have8000
15%
Who Are People From AustraliaIndigenous
15%
What Landmark Is The Most Famous In Australia3 Sisters (Blue Mountains)
8%

Score Distribution

Percentile by Number Answered

Percent of People with Each Score

Your Score History

You have not taken this quiz since the last reset